Road network policy consultation (Record no. 111895)

MARC details
000 -LEADER
fixed length control field 00919cad a22001935a 4500
001 - CONTROL NUMBER
control field L152151
008 - FIXED-LENGTH DATA ELEMENTS--GENERAL INFORMATION
fixed length control field 110203s2011 xxk f 000 0 eng d
035 ## - SYSTEM CONTROL NUMBER
System control number (Sirsi) u152151
041 0# - LANGUAGE CODE
Language code of text/sound track or separate title eng
110 2# - MAIN ENTRY--CORPORATE NAME
Corporate name or jurisdiction name as entry element United Kingdom
Subordinate unit Department for Transport
9 (RLIN) 4866
245 00 - TITLE STATEMENT
Title Road network policy consultation
Medium [electronic resource]
260 ## - PUBLICATION, DISTRIBUTION, ETC.
Place of publication, distribution, etc. London
Name of publisher, distributor, etc. DoT
Date of publication, distribution, etc. 2011
520 ## - SUMMARY, ETC.
Summary, etc. Outlines the proposed arrangement for devolving responsibility on the classification of local roads. Government wishes to devolve decision making to local authorities which will help them to better direct traffic. The consultation runs from 1 February to 1 May 2011.
590 ## - LOCAL NOTE (RLIN)
Local note KA
651 #4 - SUBJECT ADDED ENTRY--GEOGRAPHIC NAME
Geographic name England and Wales
Chronological subdivision 1543-
690 ## - LOCAL SUBJECT ADDED ENTRY--TOPICAL TERM (OCLC, RLIN)
Topical term or geographic name as entry element PROPERTY-INFRASTRUCTURE-TRANSPORT INFRASTRUCTURE
856 40 - ELECTRONIC LOCATION AND ACCESS
Uniform Resource Identifier <a href="https://www.dft.gov.uk/consultations/open/2011-02/roadnetworkconsultation.pdf">https://www.dft.gov.uk/consultations/open/2011-02/roadnetworkconsultation.pdf</a>
Public note View the item free of charge at www.dft.gov.uk
942 ## - ADDED ENTRY ELEMENTS (KOHA)
Suppress in OPAC 0
Holdings
Withdrawn status Lost status Source of classification or shelving scheme Damaged status Not for loan Home library Current library Shelving location Date acquired Total Checkouts Full call number Barcode Date last seen Copy number Price effective from Koha item type
    Dewey Decimal Classification     Virtual Virtual Online 03/02/2011   ONLINE PUBLICATION 152151-2001 06/08/2019 1 06/08/2019 Book